00386nam a2200145Ia 4500008004100000020002200041041000800063082001200071100001300083245006500096260003000161300000900191500001700200650002300217220803s9999 xx 000 0 und d a978-0-099-42523-6 aeng a823 SEM aSemler R aSeven Day Weekend : A Better Way To Work In The 21st Century aLondonbArrow Booksc2003 a285p aArchitecture aEnglish Literature